000 00492nam a2200181Ia 4500
001 16128
005 20260306170246.0
008 260306t2021||||xx |||||||||||||| ||und||
041 _aESP
082 _a346.65
_bN59
100 _aNinamancco Córdova, Fort
_eAUT
245 0 _aEl impacto de la pandemia del Covid-19 sobre los contratos de arrendamiento de inmuebles
260 _c2021
300 _a254 páginas :
_c25 cm.
650 _aGEN
654 _aCDE
942 _cLIB
_dJUS
_fJUS
_2ddc
_n
999 _c16128
_d16128